000 00340nam a22001457a 4500
008 221012b ||||| |||| 00| 0 eng d
020 _a9780872894426
041 _aeng
080 _2SIXTH EDITION
_a34
082 _a34
100 _a31.2
101 _aJUR
245 _aPOLITICAL SCIENCE RESEARCH METHODS
_cBUTTOLPH J
942 _2udc
_cBK
999 _c58525
_d58525